1563 1970 1066 1277 1195 1160 1282 1444 1670 1231 1065 1442 1115 1150 1100 1222 1032 1714 1643 1489 1030 1246 1411 1079 1667 1564 1315 1586 1008 1119 1703 1772 1533 1835 1476 1013 1973 1819 1950 1465 1209 1349 1034 1955 1671 1153 1415 1108 1410 1123 1266 1392 1396 1623 1109 1962 1116 1843 1244 1195 1872 1288 1273 1234 1339 1569 1494 1845 1172 1235 1555 1601 1506 1823 1241 1666 1366 1400 1350 1322 1992 1295 1853 1376 1606 1307 1807 1832 1352 1063 1672 1706 1683 1677 1740 1722 1890 1217 1156 BCNSPRNW ULIB Ver.6.0+V

เปลี่ยนเป็นภาษาไทย

Change to English
 แสดงรายละเอียดบรรณานุกรม
  กลับหน้าหลัก

Brief Record : Get Marc (ISO 2709) : E-mail record : QR code < ปิดหน้าต่าง
LEADER : 00000nam 2200000uu 4500
001    13399127140
003     ULIB
008    020711s2019 th a 000 0 eng d
020    ^a9781496358424
060    ^aWY100.4^bS531N
100    ^aSHARON JENSEN
245    ^aNURSING HEALTH ASSESSMENT
250    ^a3rd ed
260    ^aPhiladelphia :^bWolters Kluwer,^c2019
300    ^a982 pages;^b30 cm
650    ^aNURSING HEALTH
945    ^p2820^l0^i006330
999    ^aประนอม เกษจรัล
รายการนี้ยังไม่มีแท็ก
คุณยังไม่ได้ล็อกอิน คุณสามารถมีกิจกรรมร่วมกับเว็บไซต์ได้ แต่ต้องล็อกอินก่อน ::
  ล็อกอิน

รายการสื่อสารสนเทศ

ลำดับที่ ประเภท เลขเรียก/บาร์โค้ด สถานที่ สถานะ
1. Book การพยาบาล
Book การพยาบาล
WY100.4 S531N ฉ.1 
  Barcode: 006330
ห้องสมุดวิทยาเขตสวรรค์ประชารักษ์
►หนังสือทั่วไป
บนชั้น

รายการใกล้เคียง
    ชื่อเรื่อง [NURSING HEALTH ASSESSMENT]

    ผู้แต่ง [SHARON JENSEN]

BibComment


ยังไม่เคยถูกคอมเมนท์

คอมเมนท์ทรัพยากรรายการนี้
  คอมเมนท์: NURSING HEALTH A..


 Copyright 2026. Bcnsprnw @Library